El Unicef y los derechos del niño

সংরক্ষণ করুন:
গ্রন্থ-পঞ্জীর বিবরন
সংস্থা লেখক: UNICEF (Author)
বিন্যাস: গ্রন্থ
ভাষা:স্প্যানিশ
প্রকাশিত: París UNICEF 1959
বিষয়গুলি:
ট্যাগগুলো: ট্যাগ যুক্ত করুন
কোনো ট্যাগ নেই, প্রথমজন হিসাবে ট্যাগ করুন!

MARC

LEADER 00000nam a2200000 a 4500
001 UCT9920
003 CL-VaPUC
008 970412e19590000FR |||||||||||||||||spa|d
082 0 4 |a 346.017  |b UNI  |2 21 
110 2 |a UNICEF  |e author  |9 383016 
245 1 3 |a El Unicef y los derechos del niño 
300 |a 23 p 
942 |c BK 
945 |d 19970412 00:00:00  |a rleighto 
260 |a París  |b UNICEF  |c 1959 
650 0 |a Derechos del niño  |9 258728 
650 0 |a Derechos humanos  |9 223025 
650 0 |a Alimentación  |9 334197 
650 0 |a Salud  |9 258663 
650 0 |a Educación  |9 258661 
650 0 |a Niños  |9 255605 
583 |a last modification  |c 19970412 00:00:00  |k Rodrigo Vera 
999 |c 258258  |d 258256 
952 |0 0  |1 0  |4 0  |6 346_017000000000000_UNI_1959  |7 0  |8 X  |9 282207  |a FDOBUD  |b FDOBUD  |d 2019-11-19  |i 4745515  |o 346.017 UNI 1959  |p 4745515  |r 2019-11-19  |w 2019-11-19  |y BK_X  |k BUD